000 03642cam a22012614i 4500
001 ocn929395257
003 PE-LiUPU
005 20250813185427.0
005 20190129021455.0
008 190205s2012 sp a r 000 0 spa d
020 _a8433025481
020 _a9788433025487
035 _a(Sirsi) i9788433025487
035 _a(OCoLC)929395257
040 _aPE-LiUPU
_bspa
_cPE-LiUPU
_erda
049 _aPRUA
082 0 4 _a306.7
_bH18
_220
100 _aHall, Janet,
_eautor.
245 1 0 _aSoluciones para una vida sexual sana :
_bmaneras sencillas de abordar y resolver los problemas sexuales cotidianos /
_cJanet Hall.
300 _a311 páginas :
_bilustraciones ;
_c21 centímetros.
336 _atext
_2rdacontent
337 _aunmediated
_2rdamedia
338 _avolume
_2rdacarrier
490 0 _aSerendipity
_v165
505 _aProblemas relacionados con las percepciones y ansiedades -- Mensajes contradictorios y malentendidos -- Masturbación -- Ansiedad y problemas sexuales -- Mujeres -- Porque algunas mujeres les genera ansiedad el sexo -- Orgasmo -- Miedo a las relaciones sexuales dolorosas -- Hombres -- Por qué a algunos hombres les genera ansiedad el sexo -- Dificultades de erección -- Eyaculación precoz o demasiado rápida -- Eyaculación retardada o ausencia de eyaculación -- Parejas -- Comunicación -- Libidos dispares -- Creencias limitadoras respecto del sexo -- El estrés y el exceso de ocupaciones -- Buscar ayuda profesional.
526 _aP202
526 _aP201
526 _aP163
526 _aP162
526 _aP161
526 _aP160
526 _aP148
526 _aP147
526 _aP146
526 _aP145
526 _aP144
526 _aP143
526 _aP142
526 _aP141
526 _aP140
526 _aP139
526 _aP138
526 _aP137
526 _aP136
526 _aP135
526 _aP134
526 _aP133
526 _aP129
526 _aP128
526 _aP127
526 _aP120
526 _aP119
526 _aP118
526 _aP116
526 _aP115
526 _aP114
526 _aP110
526 _aP109
526 _aP108
526 _aP104
526 _aP103
526 _aP102
526 _aP99
526 _aP98
526 _aP97
526 _aP96
526 _aP95
526 _aP93
526 _aP90
526 _aP89
526 _aP88
526 _aP83
526 _aP82
526 _aP62
526 _aP59
526 _aP58
526 _aP57
526 _aP51
526 _aP49
526 _aP48
526 _aP47
526 _aP29
526 _aP24
526 _aP20
526 _aP19
526 _aP17
526 _aP15
526 _aP14
526 _aP12
526 _aP10
526 _aP09
526 _aP08
526 _aP07
526 _aP06
526 _aP05
526 _aP04
526 _aP01
541 _gF002-00000792;
650 7 _aTerapia sexual
_2 embne
650 0 4 _aVida sexual.
910 _adbm
_bsag
_csag
_d20190205
942 _2ddc
_cBOOK
949 _a306.7 H18
_wDEWEY
_c1
_i79945
_lCATALOGING
_mBUL
_p33.04
_r0
_sY
_tBOOK
_u2019-02-05
_xSALUD
_zP33
_0COMPRA
_o.STAFF. Colección Ciencias de la Salud
994 _aC0
_bPEPRU
596 _a1
999 _a306.7 H18
_wDEWEY
_c30979
_i79945
_f2021-11-4
_g3
_lCCODEBUL1
_mBUL
_p33.04
_r0
_sY
_tBOOK
_u2019-2-5
_xBIBLIOTECA
_PP33
_0COMPRA
_o.STAFF. Colección Ciencias de la Salud
_d30979
264 _aBilbao :
_bDesclée de Brouwer,
_c2012.
980 _81
_gALBERTO SANCHEZ Responsable de Automatización